| 000 | 00471nam a2200169Ia 4500 | ||
|---|---|---|---|
| 005 | 20251020182611.0 | ||
| 008 | 200515s9999 xx 000 0 und d | ||
| 082 | _aSC/628.54(85)/M62/1994 | ||
| 110 | _aMinisterio de la Presidencia | ||
| 245 | 0 | _aSaneamiento básico obras de rehabilitación contrato de préstamo N° 847/OC-PE | |
| 260 | _aLima | ||
| 260 | _c1994 | ||
| 300 | _a94 | ||
| 650 | _aABASTECIMIENTO DE AGUA | ||
| 650 | _aSANEAMIENTO URBANO | ||
| 942 | _cLIB | ||
| 999 |
_c3328 _d3328 |
||